Zjednodušenie postup pri uplatňovaní nároku na peňažné dávky v chorobe a materstve v Českej republike

Bibliographic Details
Main Author: Kupkovičová, Simona (Author)
Format: Article
Language:Slovak
ISSN:1335-4795
Subjects:

MARC

LEADER 00000nab a2200000 ar4500
001 vtls009002605
003 SK-MaSNL
005 20260304040538.0
008 070626c2007 xo mr|p|||||||000 b|slo
015 |a SNBRB2007/06  |2 snkbucl 
038 |a SNKBUCL 
040 |a SNKBUCL  |b slo  |c SNKBUCL  |e AACR2 
041 0 |a slo 
044 |a xo  |c SK 
080 |a 364.32-644  |x (437.3)  |2 2001 
100 1 |a Kupkovičová, Simona  |4 aut  |9 1132053 
245 1 0 |a Zjednodušenie  |b postup pri uplatňovaní nároku na peňažné dávky v chorobe a materstve v Českej republike  |c Simona Kupkovičová 
650 0 7 |a peňažné dávky v chorobe a materstve  |2 snkbucl  |9 870522 
651 7 |a Česko  |2 snkbucl  |9 16753 
773 0 |t Národné poistenie  |g Roč. XXXIX, č. 6 (2007), s. 3  |x 1335-4795 
852 |a SNK  |b KIS3GCP 
958 |a CZ 
999 |c 2663821  |d 2665751